01838cam a2200445Mi 4500003000900000005001700009008004100026020001500067020001800082035002000100040003300120049000900153082002000162100003000182245011000212264003300322300004300355336002100398337002500419338002300444490004000467504003900507504003300546505019600579526000900775526000900784526000800793526000800801526000800809526000800817650006000825650005900885910002800944942001400972994001400986596000601000999016201006980005501168952016901223PE-LiUPU20250731175627.0190312s2017 xxu rb 001 0 eng d a1628371897 a9781628371895 a(Sirsi) a251945 aPE-LiUPUbspacPE-LiUPUerda aPRUA04a492.45bR472211 aReymond, Eric D.,eautor.10aIntermediate biblical Hebrew grammar :ba student's guide to phonology and morphology /cEric D. Reymond. 1aAtlanta :bSBL Press,c2017. axx, 333 páginas ;c23 centímetros. atext2rdacontent aunmediated2rdamedia avolume2rdacarrier1 aResources for biblical study ; v89 aBibliografía: páginas 289-298. aÍndice: páginas 299-333. aPhonology of ancient Hebrew: consonats -- phonology of ancient Hebrew: vowels -- morphology of ancient Hebrew: the noun -- morphology of ancient Hebrew: the verb -- charts of nouns and verbs. aP145 aP127 aP97 aP35 aP14 aP0707aHebrew languagexMorphology.2fast0(OCoLC)fst00954257.07aHebrew languagexPhonology.2fast0(OCoLC)fst00954274. aadmbkslcksld20190312 2ddccBOOK aC0bPEPRU a1 a492.45 R47wDEWEYc31208i80030d31208f2021-11-11g3lCCODEBUL1mBULp34.00q3r0sYtBOOKu2019-3-13xTEOLOGIAPP350COMPRAo.STAFF. Colección Teología 81gALBERTO SANCHEZ Responsable de Automatización r2025-12-02 00:00:00i4l0o492.45 R47p80030te1v39.00w2019-03-13xFTyBKzinventario-2023-12-13102ddc50708GENfP35aBULbBULcGENd2019-03-13eCOMPRAg34.00